C++ keywords - Statistiques

Statistiques générales
  • Ce quiz a été pris 27 fois
  • Le résultat moyen est 16 sur 64
Statistiques - réponses
Keywords % Correct
if
87%
else
80%
for
80%
while
80%
int
73%
char
67%
do
67%
float
60%
case
53%
double
53%
long
53%
switch
53%
void
47%
and
40%
break
40%
class
40%
return
40%
unsigned
40%
bool
33%
or
33%
short
33%
const
27%
private
27%
protected
27%
public
27%
static
27%
struct
27%
auto
20%
continue
20%
enum
20%
try
20%
catch
13%
extern
13%
false
13%
friend
13%
new
13%
not
13%
static_cast
13%
template
13%
true
13%
xor
13%
const_cast
7%
delete
7%
dynamic_cast
7%
inline
7%
inline
7%
namespace
7%
register
7%
sizeof
7%
this
7%
typedef
7%
typename
7%
union
7%
using
7%
virtual
7%
alignas
0%
alignof
0%
bitand
0%
bitor
0%
nullptr
0%
operator
0%
reinterpret_cast
0%
signed
0%
throw
0%
Aucun quiz correspondant
Distribution des résultats
% des personnes avec chaque résultat
Percentile par nombre de réponses
Votre historique - résultats
Vous n’avez pas pris ce quiz